|
|
|
|
| LEADER |
01326nam a2200349 a 4500 |
| 001 |
28541 |
| 003 |
BD-DhAAL |
| 005 |
20141029124021.0 |
| 008 |
141029s20112009ii a b 001 0 eng |
| 010 |
|
|
|a 2009305113
|
| 020 |
|
|
|a 9780195692570
|
| 020 |
|
|
|a 0195692578
|
| 025 |
|
|
|a I-E-2009-305113; 18-92; 60-92
|
| 037 |
|
|
|b Library of Congress -- New Delhi Overseas Office
|c Rs595.00
|
| 040 |
|
|
|a DLC
|c DLC
|d DLC
|d BD-DhAAL
|
| 042 |
|
|
|a lcode
|a pcc
|
| 043 |
|
|
|a a-ii---
|
| 050 |
0 |
0 |
|a ND1002
|b .V43 2009
|
| 082 |
|
|
|2 19
|a 759.954
|
| 100 |
1 |
|
|a Verma, Som Prakash,
|d 1942-
|9 5918
|
| 245 |
1 |
0 |
|a Interpreting Mughal painting :
|b essays on art, society, and culture /
|c Som Prakash Verma.
|
| 246 |
3 |
0 |
|a Mughal painting
|
| 260 |
|
|
|a New Delhi :
|b Oxford University Press,
|c 2009.
|
| 300 |
|
|
|a xvi, 201 p. :
|b ill. ;
|c 23 cm.
|
| 490 |
0 |
|
|a Oxford collected essays
|
| 504 |
|
|
|a Includes bibliographical references (p. [177]-193) and index.
|
| 541 |
|
|
|e 28541
|
| 650 |
|
0 |
|a Painting, Mogul.
|9 5919
|
| 856 |
4 |
2 |
|3 Publisher description
|u http://www.loc.gov/catdir/enhancements/fy1003/2009305113-d.html
|
| 942 |
|
|
|2 ddc
|c BK
|
| 999 |
|
|
|c 33003
|d 33003
|
| 952 |
|
|
|0 0
|1 0
|2 ddc
|4 0
|6 759_954000000000000_VER
|7 0
|9 43960
|a BRACUL
|b BRACUL
|c GEN
|d 2014-10-29
|e Paragon Enterprises Ltd.
|g 880.00
|l 0
|o 759.954 VER
|p 3010028541
|r 2014-10-29
|t 1
|w 2014-10-29
|y BK
|